ბათუმის შოთა რუსთაველის სახელმწიფო უნივერსიტეტის ბიბლიოთეკა

Alter Ego. 3 Methode de Francais. B1. (ბიბ.ჩანაწერი № 45716)

000 -LEADER
fixed length control field 00625nam a2200253Ia 4500
001 - CONTROL NUMBER
control field 12543
003 - CONTROL NUMBER IDENTIFIER
control field GE_BSU
008 - FIXED-LENGTH DATA ELEMENTS--GENERAL INFORMATION
fixed length control field 181216s||||||||xx |||||||||||||| ||und||
020 ## - INTERNATIONAL STANDARD BOOK NUMBER
International Standard Book Number 9782011555120
040 ## - CATALOGING SOURCE
Transcribing agency GE_BSU
080 ## - UNIVERSAL DECIMAL CLASSIFICATION NUMBER
Universal Decimal Classification number 811.133.1
100 ## - MAIN ENTRY--PERSONAL NAME
Personal name Dollez,Catherine,. Pons,Sylvie
245 ## - TITLE STATEMENT
Title Alter Ego. 3 Methode de Francais. B1.
260 ## - PUBLICATION, DISTRIBUTION, ETC.
Place of publication, distribution, etc. Paris
260 ## - PUBLICATION, DISTRIBUTION, ETC.
Name of publisher, distributor, etc. Hachette
260 ## - PUBLICATION, DISTRIBUTION, ETC.
Date of publication, distribution, etc. 2006
300 ## - PHYSICAL DESCRIPTION
Extent 192p.29cm.
300 ## - PHYSICAL DESCRIPTION
Accompanying material +1CD
653 ## - INDEX TERM--UNCONTROLLED
Uncontrolled term Alter Ego. Methode de Francais
653 ## - INDEX TERM--UNCONTROLLED
Uncontrolled term გრამატიკა
653 ## - INDEX TERM--UNCONTROLLED
Uncontrolled term ფრანგული ენა
942 ## - ADDED ENTRY ELEMENTS (KOHA)
Koha item type წიგნი
ეგზემპლარები
Withdrawn status Lost status Damaged status Not for loan Date acquired Barcode Date last seen Price effective from Koha item type Public note
        2018-12-17 36271 2018-12-17 2018-12-17 წიგნი  
        2018-12-17 36272 2018-12-17 2018-12-17 წიგნი  
        2018-12-17 36273 2018-12-17 2018-12-17 წიგნი  
        2018-12-17 36274 2018-12-17 2018-12-17 წიგნი  
        2018-12-17 36275 2018-12-17 2018-12-17 წიგნი  
        2018-12-17 36276 2018-12-17 2018-12-17 წიგნი  
        2018-12-17 36277 2018-12-17 2018-12-17 წიგნი  
        2018-12-17 36278 2018-12-17 2018-12-17 წიგნი  
        2018-12-17 36279 2018-12-17 2018-12-17 წიგნი  
        2018-12-17 36280 2018-12-17 2018-12-17 წიგნი  
        2018-12-17 46523 2018-12-17 2018-12-17 წიგნი 55 Gel.20T.